000 00930nam a2200265Ia 4500
003 OSt
005 20220923211242.0
006 a|||||r|||| 00| 0
007 ta
008 220922b |||||||| |||| 00| 0 hin d
020 _a9788176672153 (hbk)
_c600
024 _a274,055
037 _b151, 29/08/2013, Swaraj Prakashan
_cTextual
040 _aARTS
_cARTS
_bhin
041 _2hin
_ahin
082 _aO152,8v, P8
100 _aसुभाड्ढ चंदर
_9156275
245 0 _aहिन्दी व्यंग्य का इतिहास
246 _aHindī vyangya kā itihāsa
260 _aदिल्ली
_b भावना प्रकाशन
_c2008
300 _a511पृ.
_ccm.
650 _aहिन्दी साहित्य
_9156264
942 _hO152,8v, P8
_cTEXL
_2CC
999 _c297700
_d297700